Statistiques concernant Personnages de dessins animés #1

Cliquez ici pour prendre le quiz!

Statistiques générales

  • Ce quiz a été pris 166 fois
  • Le résultat moyen est 12 sur 24

Statistiques - réponses

IndicesPersonnages% Correct
Ami tigre de Winnie l'oursonTigrou
90%
C'est le plus riche canard de DonaldvilleBalthazar Picsou
87%
Il peut se transformer en alien grâce à une braceletBen Tennyson
84%
Tortue sachant compter deux par deuxFranklin
81%
Elle sauve Paris avec l'aide de Chat NoirLadybug
76%
Pantin au bonnet bleu et conducteur de taxiOui-Oui
72%
Il tente inlassablement de capturer Bip BipVil Coyote
70%
La plus célèbre des enfants cochonsPeppa Pig
69%
Garçon roux surdoué, possédant un laboratoire secretDexter
60%
Compagnon animal de Mystères AssociésScooby-Doo
56%
Il vit de folles aventures avec Rick SanchezMorty Smith
54%
Capitaine de l'équipe de foot de rue des Bleus de Port-MarieTag
47%
Elle détient le pouvoir de la Flamme du Dragon dans Winx ClubBloom
46%
Chien de Charlie BrownSnoopy
46%
Maître des Tortues NinjasSplinter
44%
Nièce de l'Inspecteur GadgetSophie
42%
Intelligence artificielle de Code LyokoX.A.N.A.
37%
Avatar et dernier Maître de l'airAang
35%
Fou du volant accompagné de DiaboloSatanas
25%
Patriarche de la famille PierrafeuFred Pierrafeu
19%
Vilain singe dans les Supers NanasMojo Jojo
19%
Fille mi-démon mi-vampire dans Adventure TimeMarceline
16%
Fille adolescente de la famille pirate MacBernikScampi
7%
Alter-ego héroïque de Albert ColvertMyster Mask
2%

Distribution des résultats

Percentile par nombre de réponses

% des personnes avec chaque résultat

Votre développement - résultats

Vous n’avez pas pris ce quiz